WTA Grand Slam Semi-finalists since 2010 - Statistics

General Stats
  • This quiz has been taken 200 times
  • The average score is 195 of 252
Answer Stats
Event Answer % Correct
2010 Australian Open Winner | 2010 Wimbledon Winner | 2011 US Open Finalist | +20 others Serena Williams
100%
2010 US Open Semi-Finalist 2 | 2016 Wimbledon Semi-Finalist 2 | 2017 Australian Open Finalist | +2 others Venus Williams
100%
2021 US Open Semi-Finalist 2 | 2021 Wimbledon Semi-Finalist 2 | 2022 US Open Semi-Finalist 1 | +10 others Aryna Sabalenka
98%
2022 Roland Garros Finalist | 2023 US Open Winner | 2024 Australian Open Semi-Finalist 2 | +2 others Coco Gauff
95%
2020 Roland Garros Winner | 2022 Australian Open Semi-Finalist 2 | 2022 Roland Garros Winner | +6 others Iga Swiatek
95%
2022 Wimbledon Winner | 2023 Australian Open Finalist | 2024 Wimbledon Semi-Finalist 1 Elena Rybakina
92%
2015 Australian Open Semi-Finalist 1 | 2017 US Open Finalist | 2018 Roland Garros Semi-Finalist 2 | +4 others Madison Keys
92%
2021 US Open Winner Emma Raducanu
91%
2019 Roland Garros Semi-Finalist 1 | 2025 US Open Finalist | 2025 Wimbledon Finalist Amanda Anisimova
89%
2010 Australian Open Semi-Finalist 1 | 2011 Australian Open Finalist | 2011 Roland Garros Winner | +3 others Li Na | Li | Na
89%
2011 Roland Garros Semi-Finalist 2 | 2011 Wimbledon Finalist | 2012 Australian Open Finalist | +7 others Maria Sharapova
89%
2018 US Open Winner | 2019 Australian Open Winner | 2020 US Open Winner | +2 others Naomi Osaka
89%
2021 Roland Garros Winner | 2024 Wimbledon Winner Barbora Krejcikova
88%
2011 US Open Semi-Finalist 2 | 2012 Wimbledon Semi-Finalist 1 | 2016 Australian Open Winner | +5 others Angelique Kerber
87%
2019 Roland Garros Winner | 2020 Australian Open Semi-Finalist 1 | 2021 Wimbledon Winner | 2022 Australian Open Winner Ashleigh Barty
86%
2010 US Open Semi-Finalist 1 | 2011 Australian Open Semi-Finalist 1 | 2011 US Open Semi-Finalist 1 | +3 others Caroline Wozniacki
86%
2014 Roland Garros Finalist | 2014 Wimbledon Semi-Finalist 1 | 2015 US Open Semi-Finalist 2 | +6 others Simona Halep
86%
2024 Roland Garros Finalist | 2024 Wimbledon Finalist Jasmine Paolini
85%
2021 Australian Open Semi-Finalist 1 | 2023 Roland Garros Finalist | 2023 US Open Semi-Finalist 1 | 2024 US Open Semi-Finalist 1 Karolina Muchova
85%
2015 Wimbledon Finalist | 2016 Roland Garros Winner | 2017 Wimbledon Winner | +2 others Garbine Muguruza
84%
2024 US Open Finalist | 2025 US Open Semi-Finalist 1 Jessica Pegula
84%
2013 Australian Open Semi-Finalist 1 | 2017 US Open Winner | 2018 Roland Garros Finalist Sloane Stephens
82%
2017 Roland Garros Winner | 2018 Wimbledon Semi-Finalist 1 Jelena Ostapenko
81%
2022 US Open Finalist | 2022 Wimbledon Finalist | 2023 Wimbledon Finalist Ons Jabeur
81%
2011 Wimbledon Semi-Finalist 2 | 2012 Australian Open Winner | 2012 US Open Finalist | +6 others Victoria Azarenka
81%
2019 Roland Garros Finalist | 2023 Wimbledon Winner Marketa Vondrousova
80%
2010 Wimbledon Semi-Finalist 1 | 2011 Wimbledon Winner | 2012 Australian Open Semi-Finalist 2 | +4 others Petra Kvitova
80%
2020 Australian Open Winner | 2020 Roland Garros Finalist Sofia Kenin
80%
2024 Australian Open Finalist Zheng Qinwen | Zheng
80%
2010 Australian Open Semi-Finalist 2 Zheng Jie | Zheng
79%
2019 US Open Semi-Finalist 1 | 2025 Wimbledon Semi-Finalist 2 Belinda Bencic
76%
2010 Australian Open Finalist Justine Henin
76%
2010 US Open Winner | 2011 Australian Open Winner | 2012 Australian Open Semi-Finalist 1 Kim Clijsters
76%
2016 US Open Finalist | 2017 Roland Garros Semi-Finalist 2 | 2019 Australian Open Semi-Finalist 1 | 2021 Wimbledon Finalist Karolina Pliskova
75%
2019 US Open Semi-Finalist 2 | 2019 Wimbledon Semi-Finalist 2 | 2023 Wimbledon Semi-Finalist 1 Elina Svitolina
74%
2021 US Open Finalist Leylah Fernandez
73%
2025 Australian Open Semi-Finalist 1 Paula Badosa
73%
2019 US Open Winner Bianca Andreescu
72%
2015 Roland Garros Semi-Finalist 2 Ana Ivanovic
71%
2012 Wimbledon Finalist | 2013 Wimbledon Semi-Finalist 1 | 2014 Australian Open Semi-Finalist 2 | +2 others Agnieszka Radwanska
69%
2024 Roland Garros Semi-Finalist 2 Mirra Andreeva
69%
2011 Roland Garros Semi-Finalist 1 | 2013 Wimbledon Winner Marion Bartoli
68%
2019 Australian Open Semi-Finalist 2 | 2022 Australian Open Finalist Danielle Collins
67%
2021 Roland Garros Semi-Finalist 1 | 2021 US Open Semi-Finalist 1 Maria Sakkari
67%
2010 Roland Garros Finalist | 2011 US Open Winner | 2012 Roland Garros Semi-Finalist 1 | 2016 Roland Garros Semi-Finalist 2 Samantha Stosur
67%
2012 Roland Garros Finalist | 2012 US Open Semi-Finalist 2 | 2013 Roland Garros Semi-Finalist 1 Sara Errani
67%
2013 US Open Semi-Finalist 2 | 2015 US Open Winner Flavia Pennetta
64%
2010 Roland Garros Winner Francesca Schiavone
64%
2025 Roland Garros Semi-Finalist 2 Lois Boisson
64%
2015 US Open Finalist Roberta Vinci
64%
2011 Roland Garros Finalist Francesco Schiavone
62%
2011 Wimbledon Semi-Finalist 1 | 2013 Wimbledon Finalist Sabine Lisicki
60%
2021 Roland Garros Finalist Anastasia Pavlyuchenkova
59%
2014 Australian Open Semi-Finalist 1 | 2014 Roland Garros Semi-Finalist 1 | 2014 Wimbledon Finalist Eugenie Bouchard
59%
2014 Australian Open Finalist Dominika Cibulkova
58%
2022 US Open Semi-Finalist 2 Caroline Garcia
55%
2018 Australian Open Semi-Finalist 2 Elise Mertens
54%
2010 Roland Garros Semi-Finalist 1 Jelena Jankovic
54%
2024 US Open Semi-Finalist 2 Emma Navarro
53%
2010 Roland Garros Semi-Finalist 2 Elena Dementieva
52%
2014 Wimbledon Semi-Finalist 2 | 2015 Roland Garros Finalist Lucie Safarova
52%
2022 Wimbledon Semi-Finalist 2 Tatjana Maria
52%
2024 Wimbledon Semi-Finalist 2 Donna Vekic
51%
2020 US Open Semi-Finalist 1 | 2021 Australian Open Finalist Jennifer Brady
51%
2023 Roland Garros Semi-Finalist 1 Beatriz Haddad Maia
49%
2016 Australian Open Semi-Finalist 2 | 2017 Wimbledon Semi-Finalist 2 | 2019 Roland Garros Semi-Finalist 2 Johanna Konta
49%
2023 Australian Open Semi-Finalist 2 Magda Linette
49%
2010 US Open Finalist | 2010 Wimbledon Finalist | 2011 Australian Open Semi-Finalist 2 Vera Zvonareva
44%
2024 Australian Open Semi-Finalist 1 Dayana Yastremska
41%
2014 Roland Garros Semi-Finalist 2 Andrea Petkovic
36%
2016 Roland Garros Semi-Finalist 1 Kiki Bertens
36%
2017 Australian Open Semi-Finalist 1 | 2017 US Open Semi-Finalist 1 CoCo Vandeweghe
35%
2022 Roland Garros Semi-Finalist 1 Daria Kasatkina
35%
2020 Roland Garros Semi-Finalist 1 Nadia Podoroska
34%
2019 Wimbledon Semi-Finalist 1 Barbora Strycova
31%
2022 Roland Garros Semi-Finalist 2 Martina Trevisan
31%
2021 Roland Garros Semi-Finalist 2 Tamara Zidansek
31%
2018 US Open Semi-Finalist 1 Anastasija Sevastova
28%
2015 Roland Garros Semi-Finalist 1 | 2017 Roland Garros Semi-Finalist 1 Timea Bacsinszky
26%
2016 Wimbledon Semi-Finalist 1 Elena Vesnina
25%
2017 Australian Open Semi-Finalist 2 Mirjana Lucic-Baroni
25%
2010 Wimbledon Semi-Finalist 2 Tsvetana Pironkova
25%
2014 US Open Semi-Finalist 2 Peng Shuai | Peng
24%
2014 US Open Semi-Finalist 1 | 2015 Australian Open Semi-Finalist 2 Ekaterina Makarova
21%
2018 Wimbledon Semi-Finalist 2 Julia Gorges
21%
2013 Wimbledon Semi-Finalist 2 Kirsten Flipkens
18%
2017 Wimbledon Semi-Finalist 1 Magdalena Rybarikova
18%
No matching quizzes found
Score Distribution
Percent of People with Each Score
Percentile by Number Answered
Your Score History
You have not taken this quiz